Zur alttertiären flora der südlichen Mandschurei, (Record no. 27081)

MARC details
000 -LEADER
fixed length control field 00956cam a22002531 4500
001 - CONTROL NUMBER
control field gs 34000069
003 - CONTROL NUMBER IDENTIFIER
control field DLC
005 - DATE AND TIME OF LATEST TRANSACTION
control field 20260227111338.0
008 - FIXED-LENGTH DATA ELEMENTS--GENERAL INFORMATION
fixed length control field 811002s1922 cc a f000 0 ger c
010 ## - LIBRARY OF CONGRESS CONTROL NUMBER
LC control number gs 34000069
035 ## - SYSTEM CONTROL NUMBER
System control number (OCoLC)7811106
040 ## - CATALOGING SOURCE
Original cataloging agency Library, U.S. Geological Survey
Transcribing agency TxU
Modifying agency DLC
042 ## - AUTHENTICATION CODE
Authentication code premarc
050 00 - LIBRARY OF CONGRESS CALL NUMBER
Classification number QE756.C6
Item number A3 ser. A, vol. 1, fasc. 1
100 1# - MAIN ENTRY--PERSONAL NAME
Personal name Florin, Rudolf,
Dates associated with a name 1894-1965.
245 10 - TITLE STATEMENT
Title Zur alttertiären flora der südlichen Mandschurei,
Statement of responsibility, etc. von Rudolf Florin in Stockholm. Mit tafel I-III und 3 textfiguren.
260 ## - PUBLICATION, DISTRIBUTION, ETC.
Place of publication, distribution, etc. Peking,
Name of publisher, distributor, etc. Published by the Geological survey of China,
Date of publication, distribution, etc. 1922.
300 ## - PHYSICAL DESCRIPTION
Extent 2 p. l., 52, [8] p.
Other physical details illus., 3 pl.
Dimensions 29 cm.
410 10 - SERIES STATEMENT/ADDED ENTRY--CORPORATE NAME [OBSOLETE, CAN/MARC], [LOCAL, USA]
Corporate name or jurisdiction name as entry element China.
Subordinate unit Geological Survey.
Title of a work Palæontologia sinica,
Number of part/section/meeting ser. A,
Volume number/sequential designation vol. I, fasc. 1
500 ## - GENERAL NOTE
General note Last 8 p. in Chinese.
504 ## - BIBLIOGRAPHY, ETC. NOTE
Bibliography, etc. note "Literaturverzeichnis": p. 35-44.
650 #0 - SUBJECT ADDED ENTRY--TOPICAL TERM
Topical term or geographic name entry element Paleobotany
Geographic subdivision China
-- Manchuria.
650 #0 - SUBJECT ADDED ENTRY--TOPICAL TERM
Topical term or geographic name entry element Paleobotany
Chronological subdivision Tertiary.

No items available.

Powered by Koha